Land vs. Land #32 - Statistiken

Allgemein
  • Dieses Quiz wurde 18 mal gespielt
  • Das Durchschnittsergebnis liegt bei 13 aus 14
Antwortstatistiken
Frage Antwort % Korrekt
...Fläche? Eritrea🇪🇷
100%
...Bruttoinlandsprodukt pro Kopf? Montenegro🇲🇪
100%
...HDI (Human Development Index)? Montenegro🇲🇪
100%
...Happy Planet Index? Montenegro🇲🇪
100%
...Gesundheitswesen? Montenegro🇲🇪
100%
...Frieden? Montenegro🇲🇪
100%
...Lebenserwartung? Montenegro🇲🇪
100%
...durchschnittlicher IQ? Montenegro🇲🇪
100%
...Gewinner? Montenegro🇲🇪
100%
...Einwohner? Eritrea🇪🇷
94%
...Tourismus? Montenegro🇲🇪
94%
...Bruttoinlandsprodukt? Montenegro🇲🇪
81%
...Militär? Eritrea🇪🇷
75%
...Exportmengen? Montenegro🇲🇪
63%
Keine übereinstimmenden Quizze gefunden
Verteilung der Resultate
Anzahl Personen mit jedem Resultat
Perzentil nach korrekt beantworteten Fragen
Ihre Resultats-Entwicklung
Sie haben dieses Quiz noch nicht gespielt